000 00977nam a22002897a 4500
001 7812
003 FISKH
005 20250811101531.0
008 250811b cb ||||| |||| 00| 0 eng d
040 _aFISKH
_beng
_cFISKH
_dFISKH
050 _aPZ7
082 _a823.92
100 _aPunter, Russell
245 _aChicken licken /
_cRetold by Russell Punter ; Illustrated by Ann Kronheimer
250 _aThis edition first published in 2007
260 _aLondon :
_bUsborne,
_c2007
300 _a48 pages :
_bcolor illustrations ;
_c20 cm
505 _aJ
520 _aThis volume is aimed at children who are beginning to read by themselves. It contains clear and compelling text that allows children to build their burgeoning reading skills.
521 8 _a470
_bLexile
521 8 _aJ
_bRaz-Plus
650 _2Usborne
_aFairy tales
650 _2Leveled Readers
_aChimbai
700 _aKronheimer, Ann
_dillustrator
942 _2ddc
_cBK
_n0
999 _c7812
_d7812